| 000 | 00627nam a2200205Ia 4500 | ||
|---|---|---|---|
| 003 | GCL | ||
| 008 | 140319s9999 xx 000 0 ara d | ||
| 040 |
_aGCL / _cGCL |
||
| 082 | 0 | 4 |
_a746.7 _bد ع |
| 100 | 1 | _aعبدالغنى النبوى الشال | |
| 245 | 1 | 0 |
_aعمل السجاد / _cعبدالغنى النبوى الشال |
| 700 | 1 | _aدريج، دوروثى | |
| 700 | 1 | _aمحمود النبوى الشال (مترجم) | |
| 300 | _a91 ص | ||
| 490 |
_aالالف كتاب _v0 |
||
| 650 | 0 | 4 | _aالصناعات اليدوية |
| 650 | 0 | 4 | _aالحرف اليدوية |
| 650 | 0 | 4 | _aالسجاد |
| 942 |
_2ddc _cBK |
||
| 999 |
_c45127 _d45127 |
||